Дело о возврате крестьянке Евдокии Лукьяновой Маклаковской волости Велижского уезда Витебской губернии 10 рублей 79 1/2 копеек и...

Доступно только в Электронных читальных залах Найти на картеНа карте
RUSMARC
00003603nmc2a2200000 x 450
00157f0f292-6339-459e-a494-e7b22f901999
00520160105083948.0
100##$a20150224l18841885k l0rusy0189 ca
1010#$arus
102##$aRU
2001#$aДело о возврате крестьянке Евдокии Лукьяновой Маклаковской волости Велижского уезда Витебской губернии 10 рублей 79 1/2 копеек излишне внесенных ею на окончательный выкуп участка надела, за ее сына, Ксенофонта Фомина
$j11 августа 1884 г. - 16 апреля 1885 г.
251##$cДело
300##$aДело
801#0$aRU
$bРГИА
$c20150224
$gRCR
801#1$aRU
$bГлавНИВЦ
$c20150224
$2rusmarc
801#2$aRU
$bПБ им. Б.Н. Ельцина
$c20160105
$gRCR
$2rusmarc
850##$aРГИА
852##$aРГИА
$eФедеральное казенное учреждение "Российский государственный исторический архив" (РГИА)
$j934
937##$hРГИА
$d11191265
$aASBIBLIO_SCAN
462#0$10013826a62a-52d3-408e-b545-2019664385f0
$12001
$a1861-1895 гг.
$1251
$cОпись
$1852
$j50
461#0$10018ef30ad5-ff5c-4840-a721-74c62a200f95
$12001
$aГлавное выкупное учреждение Министерства финансов
$1251
$cФонд
$1852
$j577
215##$a5 л.
$d36,5x26 см
371##$aДокумент не является опубликованным и широко распространяемым
105##$aу###
1222#$ad
035##$a57f0f292-6339-459e-a494-e7b22f901999
Формат отображения